1371 1174 1514 1769 1409 1505 1307 1044 1767 1832 1442 1278 1011 1843 1791 1475 1919 1385 1935 1470 1118 1532 1553 1060 1723 1939 1348 1203 1426 1868 1767 1379 1991 1117 1919 1268 1562 1463 1377 1434 1415 1264 1590 1123 1513 1233 1333 1965 1376 1249 1670 1331 1318 1346 1317 1795 1153 1495 1526 1759 1609 1319 1604 1265 1366 1273 1032 1267 1398 1045 1394 1447 1898 1289 1560 1462 1039 1110 1064 1623 1891 1467 1500 1272 1348 1614 1156 1289 1003 1478 1626 1731 1721 1308 1216 1217 1827 1028 1419 BCNSPRNW ULIB Ver.6.0+V

เปลี่ยนเป็นภาษาไทย

Change to English
 แสดงรายละเอียดบรรณานุกรม
  กลับหน้าหลัก

Brief Record : Get Marc (ISO 2709) : E-mail record : QR code < ปิดหน้าต่าง
LEADER : 00000nam 2200000uu 4500
001    13399128765
003     ULIB
008    240828s2566||||th 000 0 tha d
020 ^^ ^a9786168322123
060 ^^ ^aWP100^bน263^cล.2
245 ^^ ^aนรีเวชวิทยาคลินิก เล่ม 2
246 ^^ ^aClinical Gynecology
260 ^^ ^aกรุงเทพฯ : ^bกลุ่มงานสูตินรีเวชศาสตร์ โรงพยาบาลราชวิถี,^c2566
300 ^^ ^a592 หน้า : ^bภาพประกอบ
650 ^^ ^aนรีเวชวิทยา
650 ^^ ^aโรคทางนรีเวช
945    ^p500^l0^i010752
945    ^p500^l0^i010753
945    ^p500^l0^i010754
945    ^p500^l0^i010755
945    ^p500^l0^i010756
999    ^aประนอม เกษจรัล
รายการนี้ยังไม่มีแท็ก
คุณยังไม่ได้ล็อกอิน คุณสามารถมีกิจกรรมร่วมกับเว็บไซต์ได้ แต่ต้องล็อกอินก่อน ::
  ล็อกอิน

รายการสื่อสารสนเทศ

ลำดับที่ ประเภท เลขเรียก/บาร์โค้ด สถานที่ สถานะ
1. วิทยาศาสตร์การแพทย์ และสุขภาพ
หนังสือสำรอง
สถานะ=หนังสือสำรอง
WP100 น263 ล.2 ฉ.1 
  Barcode: 010752
ห้องสมุดวิทยาเขตสวรรค์ประชารักษ์
►หนังสือทั่วไป
บนชั้น
2. วิทยาศาสตร์การแพทย์ และสุขภาพ
วิทยาศาสตร์การแพทย์ และสุขภาพ
WP100 น263 ล.2 ฉ.2 
  Barcode: 010753
ห้องสมุดวิทยาเขตสวรรค์ประชารักษ์
►หนังสือทั่วไป
บนชั้น
3. วิทยาศาสตร์การแพทย์ และสุขภาพ
วิทยาศาสตร์การแพทย์ และสุขภาพ
WP100 น263 ล.2 ฉ.3 
  Barcode: 010754
ห้องสมุดวิทยาเขตสวรรค์ประชารักษ์
►หนังสือทั่วไป
บนชั้น
4. วิทยาศาสตร์การแพทย์ และสุขภาพ
วิทยาศาสตร์การแพทย์ และสุขภาพ
WP100 น263 ล.2 ฉ.4 
  Barcode: 010755
ห้องสมุดวิทยาเขตสวรรค์ประชารักษ์
►หนังสือทั่วไป
บนชั้น
5. วิทยาศาสตร์การแพทย์ และสุขภาพ
วิทยาศาสตร์การแพทย์ และสุขภาพ
WP100 น263 ล.2 ฉ.5 
  Barcode: 010756
ห้องสมุดวิทยาเขตสวรรค์ประชารักษ์
►หนังสือทั่วไป
บนชั้น

รายการใกล้เคียง
    หัวเรื่อง [นรีเวชวิทยา]
    หัวเรื่อง [โรคทางนรีเวช]

BibComment


ยังไม่เคยถูกคอมเมนท์

คอมเมนท์ทรัพยากรรายการนี้
  คอมเมนท์: นรีเวชวิทยาคลินิ..


 Copyright 2026. Bcnsprnw @Library